000 00534nam a2200169 4500
999 _c17350
_d17350
008 220928b ||||| |||| 00| 0 eng d
020 _a9781119787785
082 _22021
_aDC 641.4
_bJ345
100 _aJeanroy, Amelia.
_946168
245 _aCanning & preserving for dummies /
_cAmelia Jeanroy.
250 _a3rd edition.
260 _aNew Jersey :
_bJohn Wiley & Sons, Inc.,
_c©2021.
300 _a424 pages :
_billustrations ;
_c23 cm.
500 _aIncludes index.
650 _aCanning and preserving.
_920659
942 _2ddc
_cDC